<?xml version="1.0" encoding="UTF-8"?>
<record
    xmlns:xsi="http://www.w3.org/2001/XMLSchema-instance"
    xsi:schemaLocation="http://www.loc.gov/MARC21/slim http://www.loc.gov/standards/marcxml/schema/MARC21slim.xsd"
    xmlns="http://www.loc.gov/MARC21/slim">

  <leader>00419    a2200145   4500</leader>
  <controlfield tag="005">20260129163732.0</controlfield>
  <datafield tag="020" ind1=" " ind2=" ">
    <subfield code="a">978-0443237355</subfield>
  </datafield>
  <datafield tag="040" ind1=" " ind2=" ">
    <subfield code="b">Eng</subfield>
  </datafield>
  <datafield tag="082" ind1=" " ind2=" ">
    <subfield code="a">621.314 FAN</subfield>
  </datafield>
  <datafield tag="100" ind1=" " ind2=" ">
    <subfield code="a">Fang, Jingyang. Liu, Jia and et</subfield>
    <subfield code="9">3911</subfield>
  </datafield>
  <datafield tag="245" ind1=" " ind2=" ">
    <subfield code="a">Grid-forming Converters: Principles, Control and Applications in Modern Power Systems</subfield>
  </datafield>
  <datafield tag="260" ind1=" " ind2=" ">
    <subfield code="a">United States:</subfield>
    <subfield code="b">Academic Press,</subfield>
    <subfield code="c">2025.</subfield>
  </datafield>
  <datafield tag="300" ind1=" " ind2=" ">
    <subfield code="a">vii, 309p;</subfield>
  </datafield>
  <datafield tag="942" ind1=" " ind2=" ">
    <subfield code="c">REF</subfield>
  </datafield>
  <datafield tag="999" ind1=" " ind2=" ">
    <subfield code="c">5565</subfield>
    <subfield code="d">5560</subfield>
  </datafield>
  <datafield tag="952" ind1=" " ind2=" ">
    <subfield code="0">0</subfield>
    <subfield code="1">0</subfield>
    <subfield code="2">udc</subfield>
    <subfield code="4">0</subfield>
    <subfield code="7">0</subfield>
    <subfield code="8">REF</subfield>
    <subfield code="C">29/01/2026</subfield>
    <subfield code="D">Techniz Books</subfield>
    <subfield code="E">PO.No.IIITDMK/2025-26/LIB/BKS/34</subfield>
    <subfield code="G">INT202601506</subfield>
    <subfield code="H">13/01/2026</subfield>
    <subfield code="J">13527</subfield>
    <subfield code="a">IIITDM</subfield>
    <subfield code="b">IIITDM</subfield>
    <subfield code="c">REF</subfield>
    <subfield code="d">2026-01-29</subfield>
    <subfield code="l">2</subfield>
    <subfield code="o">621.314 FAN</subfield>
    <subfield code="p">0008110</subfield>
    <subfield code="r">2026-02-02 10:04:00</subfield>
    <subfield code="s">2026-02-02</subfield>
    <subfield code="w">2026-01-29</subfield>
    <subfield code="y">REF</subfield>
    <subfield code="z">ECE</subfield>
  </datafield>
</record>
